[Event "European Hybrid Qual 2021"]
[Site "Tornelo INT"]
[Date "2021.05.25"]
[Round "1.3"]
[White "Sebenik, Matej"]
[Black "Georgiev, Kiril"]
[Result "1/2-1/2"]
[WhiteTitle "GM"]
[BlackTitle "GM"]
[WhiteElo "2498"]
[BlackElo "2589"]
[WhiteFideId "14602296"]
[BlackFideId "2900017"]
[EventDate "2021.05.24"]
[EventType "k.o."]

1. d4 d5 2. c4 dxc4 3. e3 e6 4. Bxc4 Nf6 5. Nf3 c5 6. Nc3 Nc6 7. O-O Be7 8. a3
O-O 9. dxc5 Bxc5 10. b4 Be7 11. Bb2 a6 12. Bd3 b6 13. Ne4 Bb7 14. Nxf6+ Bxf6 15.
Bxf6 Qxf6 16. Qe2 Ne5 17. Nxe5 Qxe5 18. Rac1 Rfd8 19. Rfd1 Qg5 20. f3 Qe7 21.
Qc2 Rac8 22. Qe2 b5 23. Bb1 g6 24. Rxc8 Rxc8 25. Qd2 Qg5 26. Kf2 Qh4+ 27. Kg1
Bd5 28. Bd3 Qf6 29. Rc1 Rd8 30. Qc3 Qg5 31. Be2 h5 32. Rd1 Bc4 33. Rxd8+ Qxd8
34. Bxc4 Qc7 35. Kf2 bxc4 36. a4 Qc6 37. h4 e5 38. e4 Qxa4 39. Qxc4 a5 40. Qc8+
Kg7 41. bxa5 Qxa5 42. Qc2 Qd8 43. g3 Qd4+ 44. Kg2 Kh7 45. Qa2 Kg7 46. Qc2 Kh7
47. Qa2 Kg7 48. Qc2 1/2-1/2

[Event "European Hybrid Qual 2021"]
[Site "Tornelo INT"]
[Date "2021.05.25"]
[Round "1.4"]
[White "Georgiev, Kiril"]
[Black "Sebenik, Matej"]
[Result "0-1"]
[WhiteTitle "GM"]
[BlackTitle "GM"]
[WhiteElo "2589"]
[BlackElo "2498"]
[WhiteFideId "2900017"]
[BlackFideId "14602296"]
[EventDate "2021.05.24"]
[EventType "k.o."]

1. c4 c6 2. Nf3 d5 3. g3 Nf6 4. Bg2 dxc4 5. O-O Nbd7 6. Qc2 Nb6 7. Na3 Be6 8.
Ng5 Bg4 9. Nxc4 Bxe2 10. Ne5 Bh5 11. b4 e6 12. b5 Bd6 13. Bb2 O-O 14. bxc6 Rc8
15. Qb1 Bxe5 16. Bxe5 Bg6 17. Qb3 bxc6 18. d4 Nfd5 19. h4 h6 20. Nh3 Bf5 21.
Rac1 Qd7 22. Kh2 f6 23. Bf4 Bxh3 24. Bxh3 Nxf4 25. gxf4 Nd5 26. Rfe1 f5 27. Qg3
Qd6 28. Re5 Rf6 29. Bg2 Ne7 30. Qe3 Rd8 31. Rc4 Rb8 32. h5 Rb6 33. Ra4 Rb7 34.
Ra6 Kh7 35. Rc5 Rc7 36. Qe5 Qd7 37. Rc3 Nd5 38. Rg3 Rb7 39. Bxd5 exd5 40. Raa3
Qf7 41. Qe2 Re6 42. Rae3 Re4 43. Rxe4 dxe4 44. Rc3 Rd7 45. Qd1 Qf6 46. Rc4 Qh4+
47. Kg2 Qxf4 48. Rxc6 e3 49. fxe3 Qxe3 50. Rc4 Qe4+ 51. Qf3 Qe6 52. Qd3 Qd5+ 53.
Qf3 Qe6 54. Qd3 Qf7 55. Qf3 Rd6 56. Ra4 Qf6 57. Ra5 Qg5+ 58. Kh3 Rf6 59. Rxa7
Qg1 60. Rd7 Qc1 61. Qg3 Qh1+ 62. Qh2 Qf3+ 63. Qg3 Qxh5+ 64. Qh4 Qf3+ 65. Qg3
Qf1+ 66. Qg2 Qxg2+ 67. Kxg2 Ra6 68. Kf3 Kg6 69. Kf4 Kf6 0-1

[Event "European Hybrid Qual 2021"]
[Site "Tornelo INT"]
[Date "2021.05.24"]
[Round "1.1"]
[White "Kollars, Dmitrij"]
[Black "Petrov, Marian"]
[Result "1/2-1/2"]
[WhiteTitle "GM"]
[BlackTitle "GM"]
[WhiteElo "2607"]
[BlackElo "2464"]
[WhiteFideId "12909572"]
[BlackFideId "2901773"]
[EventDate "2021.05.24"]
[EventType "k.o."]

1. e4 c5 2. Nf3 Nc6 3. d4 cxd4 4. Nxd4 Qb6 5. Nb3 Nf6 6. Nc3 e6 7. a3 Qc7 8. f4
d6 9. Qe2 a6 10. g4 b5 11. g5 Nd7 12. Be3 Nb6 13. Qf2 Rb8 14. O-O-O Be7 15. Rg1
Bd7 16. h4 Na4 17. Qe1 O-O 18. f5 Rfc8 19. f6 Bf8 20. Bf4 Nxc3 21. Qxc3 b4 22.
axb4 Nxb4 23. Qxc7 Rxc7 24. Bxd6 Bxd6 25. Rxd6 Nxc2 26. Nd2 Ba4 27. Kb1 Ne3 28.
Bd3 Rcb7 29. Ka1 Rxb2 30. Rb1 Rxb1+ 31. Bxb1 Bb5 32. e5 Nf5 33. Bxf5 exf5 34.
Nf3 Re8 35. Kb2 h6 36. fxg7 hxg5 37. Nxg5 Kxg7 38. e6 fxe6 39. Nxe6+ Kf7 40.
Ng5+ Ke7 41. Re6+ Kd7 42. Rf6 Rh8 1/2-1/2

[Event "European Hybrid Qual 2021"]
[Site "Tornelo INT"]
[Date "2021.05.25"]
[Round "1.2"]
[White "Petrov, Marian"]
[Black "Kollars, Dmitrij"]
[Result "0-1"]
[WhiteTitle "GM"]
[BlackTitle "GM"]
[WhiteElo "2464"]
[BlackElo "2607"]
[WhiteFideId "2901773"]
[BlackFideId "12909572"]
[EventDate "2021.05.24"]
[EventType "k.o."]

1. e4 e5 2. Nc3 Nf6 3. g3 Bc5 4. Bg2 O-O 5. Nge2 c6 6. O-O d5 7. exd5 cxd5 8. d4
exd4 9. Nxd4 Bg4 10. Qd3 Bxd4 11. Qxd4 Nc6 12. Qf4 Qd7 13. Bd2 Bh3 14. Rfe1 Bxg2
15. Kxg2 Rfe8 16. f3 d4 17. Ne4 Nxe4 18. Rxe4 Rxe4 19. Qxe4 Re8 20. Qd3 Ne5 21.
Qb3 Qc6 22. Re1 d3 23. Re3 Re6 24. Kf2 Rf6 25. Rxd3 Nxd3+ 26. Qxd3 Rd6 27. Qe3
Qb6 28. Qxb6 Rxb6 29. Bc3 Re6 30. Bd4 a6 31. c4 f5 32. a4 Rh6 33. h4 f4 34. c5
Kf7 35. b4 fxg3+ 36. Kxg3 Ke6 37. b5 Kd5 38. c6 bxc6 39. bxa6 c5 40. a7 Ra6 41.
Bxg7 Rxa7 42. Bh8 Ra8 43. Bf6 Rxa4 44. h5 Ke6 45. Bg7 Kf5 46. Bf8 c4 47. Bg7 Ra2
48. h6 Rd2 49. Bh8 Rd3 0-1

[Event "European Hybrid Qual 2021"]
[Site "Tornelo INT"]
[Date "2021.05.24"]
[Round "1.1"]
[White "Kantor, Gergely"]
[Black "Gharibyan, Mamikon"]
[Result "1/2-1/2"]
[WhiteTitle "GM"]
[BlackTitle "IM"]
[WhiteElo "2527"]
[BlackElo "2460"]
[WhiteFideId "751499"]
[BlackFideId "13308300"]
[EventDate "2021.05.24"]
[EventType "k.o."]

1. d4 Nf6 2. c4 e6 3. g3 d5 4. Bg2 Bb4+ 5. Nd2 O-O 6. Nf3 b6 7. O-O Bb7 8. b3 a5
9. Bb2 Nbd7 10. a3 Bd6 11. Ne5 Ne4 12. cxd5 exd5 13. Rc1 Ndf6 14. Ndf3 c5 15.
Nh4 Re8 16. Nf5 Bf8 17. a4 g6 18. Nh4 Bg7 19. Rc2 Rc8 20. Bh3 Rc7 21. Qc1 Bc8
22. Bg2 Ba6 23. Nhf3 Qc8 24. Rd1 Qf5 25. e3 Rcc8 26. Nh4 Qe6 27. Nhf3 h5 28. h3
Qf5 29. Nh4 Qe6 30. Nhf3 Qf5 31. Nh4 Qe6 32. Nhf3 1/2-1/2

[Event "European Hybrid Qual 2021"]
[Site "Tornelo INT"]
[Date "2021.05.25"]
[Round "1.2"]
[White "Gharibyan, Mamikon"]
[Black "Kantor, Gergely"]
[Result "1/2-1/2"]
[WhiteTitle "IM"]
[BlackTitle "GM"]
[WhiteElo "2460"]
[BlackElo "2527"]
[WhiteFideId "13308300"]
[BlackFideId "751499"]
[EventDate "2021.05.24"]
[EventType "k.o."]

1. d4 Nf6 2. Nf3 d5 3. c4 e6 4. Nc3 c5 5. cxd5 cxd4 6. Qxd4 exd5 7. Bg5 Be7 8.
e3 O-O 9. Bb5 h6 10. Bh4 a6 11. Ba4 Nc6 12. Qd3 Nb4 13. Qe2 Ne4 14. Bxe7 Qxe7
15. Nd4 Bd7 16. Bxd7 Qxd7 17. O-O Rac8 18. Rfc1 b5 19. Qd1 Rfd8 20. Nce2 Rxc1
21. Nxc1 Qd6 22. Nce2 Nc6 23. Rc1 Ne5 24. Nf4 g6 25. h3 Qf6 26. f3 Ng3 27. Kh2
Nc4 28. Rxc4 dxc4 29. Kxg3 b4 30. Kf2 a5 31. g3 h5 32. h4 Qe5 33. Nfe2 Re8 34.
Qd2 Rd8 35. Qc2 Re8 36. Qc1 a4 37. e4 Qc5 38. Qe3 Rd8 39. e5 c3 40. bxc3 bxc3
41. e6 c2 42. exf7+ Kxf7 43. Qe6+ Kg7 44. Qe3 Kf7 45. Qe6+ Kg7 46. Qe3 Kf7 1/2-1/2

[Event "European Hybrid Qual 2021"]
[Site "Tornelo INT"]
[Date "2021.05.25"]
[Round "1.3"]
[White "Gharibyan, Mamikon"]
[Black "Kantor, Gergely"]
[Result "1-0"]
[WhiteTitle "IM"]
[BlackTitle "GM"]
[WhiteElo "2460"]
[BlackElo "2527"]
[WhiteFideId "13308300"]
[BlackFideId "751499"]
[EventDate "2021.05.24"]
[EventType "k.o."]

1. d4 Nf6 2. Nf3 g6 3. Nbd2 d5 4. b4 Bg7 5. e3 O-O 6. c3 Nbd7 7. c4 a5 8. b5 c5
9. bxc6 bxc6 10. Ba3 Ba6 11. Rc1 Re8 12. cxd5 Bxf1 13. Kxf1 cxd5 14. g3 Ne4 15.
Kg2 Nxd2 16. Nxd2 e5 17. Nf3 e4 18. Nd2 a4 19. Rc6 h5 20. Qe2 h4 21. Qg4 Bf8 22.
Nb1 Rb8 23. Bxf8 Nxf8 24. Nc3 Ne6 25. Rc1 Rb2 26. Qxh4 Qd7 27. Nxa4 Rxa2 28. Nb6
Qe7 29. Qxe7 Rxe7 30. Nxd5 Rb7 31. Nf6+ Kg7 32. Nxe4 Rbb2 33. h4 Nd8 34. Rc8 Nb7
35. Rb8 Rb3 36. Rc3 Rbb2 37. Rc7 Na5 38. Rxb2 Rxb2 39. Ng5 Nc4 40. Rxc4 1-0

[Event "European Hybrid Qual 2021"]
[Site "Tornelo INT"]
[Date "2021.05.25"]
[Round "1.4"]
[White "Kantor, Gergely"]
[Black "Gharibyan, Mamikon"]
[Result "1-0"]
[WhiteTitle "GM"]
[BlackTitle "IM"]
[WhiteElo "2527"]
[BlackElo "2460"]
[WhiteFideId "751499"]
[BlackFideId "13308300"]
[EventDate "2021.05.24"]
[EventType "k.o."]

1. d4 Nf6 2. c4 e6 3. Nf3 d5 4. g3 Bb4+ 5. Nbd2 O-O 6. Bg2 b6 7. O-O Bb7 8. b3
a5 9. Bb2 Nbd7 10. Rc1 Ne4 11. Qc2 Rc8 12. a3 Be7 13. cxd5 Nxd2 14. Nxd2 exd5
15. Rfd1 Nf6 16. Bh3 Nd7 17. Nf3 f6 18. Qf5 Nb8 19. Qh5 g6 20. Be6+ Kg7 21. Qh3
Bd6 22. Bxc8 Bxc8 23. Qg2 Re8 24. Re1 Qe7 25. Nd2 Bb7 26. Nc4 Bc6 27. Nxd6 Qxd6
28. Rc3 a4 29. bxa4 Bxa4 30. Bc1 g5 31. h4 h6 32. hxg5 hxg5 33. f4 g4 34. f5 Nc6
35. Bf4 Qd7 36. e4 Qf7 37. Rec1 Nxd4 38. Rxc7 Bd7 39. Rxd7 Qxd7 40. Rc7 Qxc7 41.
Bxc7 Nf3+ 42. Kf1 d4 43. Qc2 Rh8 44. Qc6 Rh1+ 45. Ke2 Rh2+ 46. Kd1 d3 47. Qd7+
Kg8 48. Qe8+ Kg7 49. Qg6+ Kh8 50. Qxf6+ Kh7 51. Qf7+ Kh8 52. Be5+ Nxe5 53. Qf6+
Kh7 54. Qxe5 1-0

[Event "European Hybrid Qual 2021"]
[Site "Tornelo INT"]
[Date "2021.05.25"]
[Round "1.5"]
[White "Gharibyan, Mamikon"]
[Black "Kantor, Gergely"]
[Result "0-1"]
[WhiteTitle "IM"]
[BlackTitle "GM"]
[WhiteElo "2460"]
[BlackElo "2527"]
[WhiteFideId "13308300"]
[BlackFideId "751499"]
[EventDate "2021.05.24"]
[EventType "k.o."]

1. d4 Nf6 2. Nf3 e6 3. c4 d5 4. Nc3 c5 5. cxd5 cxd4 6. Qxd4 exd5 7. Bg5 Be7 8.
e3 O-O 9. Be2 Nc6 10. Qd3 Be6 11. O-O h6 12. Bh4 Qb6 13. Bxf6 Bxf6 14. Nxd5 Bxd5
15. Qxd5 Qxb2 16. Bc4 Rad8 17. Qf5 Qxa1 18. Rxa1 Bxa1 19. g4 Rd6 20. Qb1 Ne5 21.
Nxe5 Bxe5 22. Qxb7 a5 23. a4 Bc3 24. Kg2 Bb4 25. Bd5 g6 26. e4 Rf6 27. f3 g5 28.
Qd7 Rf4 29. Qc7 Kg7 30. h4 Re8 31. Kf2 Re7 32. Qb8 Rf6 33. h5 Bd6 34. Qd8 Bc5+
35. Ke2 Bb4 36. Kf2 Rf4 37. Kg3 Rf6 38. Kg2 Rf4 39. Bc4 Rf6 40. Qd3 Rf4 41. Bb3
Rf6 42. e5 Rxe5 43. Bc2 Rc5 44. Qh7+ Kf8 45. Be4 Rd6 46. Bg6 Rf6 47. Qxh6+ Ke7
48. Qh7 Re5 49. Be4 Rd6 50. Qh8 Rd2+ 51. Kh3 Bd6 52. Qg7 Rc5 53. f4 Bxf4 54. Bg2
Rd3+ 55. Bf3 Rxf3+ 56. Kg2 Rg3+ 57. Kf2 Rc2+ 58. Kf1 Rf3+ 59. Ke1 Rff2 60. Kd1
Rfd2+ 0-1

[Event "European Hybrid Qual 2021"]
[Site "Tornelo INT"]
[Date "2021.05.24"]
[Round "1.1"]
[White "Indjic, Aleksandar"]
[Black "Yurtseven, Melih"]
[Result "1-0"]
[WhiteTitle "GM"]
[BlackTitle "IM"]
[WhiteElo "2607"]
[BlackElo "2414"]
[WhiteFideId "911925"]
[BlackFideId "6312160"]
[EventDate "2021.05.24"]
[EventType "k.o."]

1. d4 e6 2. Nf3 Nf6 3. c4 d5 4. Nc3 c5 5. e3 a6 6. cxd5 exd5 7. g3 c4 8. Ne5 b5
9. Bg2 Bb7 10. O-O Be7 11. b3 b4 12. bxc4 bxc3 13. Qa4+ Kf8 14. Rb1 Ra7 15. cxd5
Nxd5 16. e4 Nc7 17. Qc4 Ne6 18. d5 c2 19. Qxc2 Nd4 20. Qc4 Nb5 21. Nxf7 Qc8 22.
Qxc8+ Bxc8 23. Nxh8 Nd7 24. Be3 Bc5 25. Bxc5+ Nxc5 26. Rfc1 Rc7 27. Rxb5 axb5
28. d6 1-0

[Event "European Hybrid Qual 2021"]
[Site "Tornelo INT"]
[Date "2021.05.25"]
[Round "1.2"]
[White "Yurtseven, Melih"]
[Black "Indjic, Aleksandar"]
[Result "1/2-1/2"]
[WhiteTitle "IM"]
[BlackTitle "GM"]
[WhiteElo "2414"]
[BlackElo "2607"]
[WhiteFideId "6312160"]
[BlackFideId "911925"]
[EventDate "2021.05.24"]
[EventType "k.o."]

1. d4 Nf6 2. c4 e6 3. Nc3 Bb4 4. g3 O-O 5. Bg2 d6 6. Nf3 Nc6 7. Bd2 e5 8. d5 Ne7
9. O-O a5 10. a3 Bc5 11. Na4 Ba7 12. Ne1 Bd7 13. Nd3 e4 14. Ne1 b5 15. Nc3 bxc4
16. Nxe4 Nfxd5 17. Rc1 Bb5 18. a4 Ba6 19. Bxa5 Rb8 20. Nc3 Nxc3 21. Bxc3 d5 22.
e3 c5 23. Nc2 Qd7 24. Qh5 d4 25. exd4 cxd4 26. Rfd1 d3 27. Ne3 Bxe3 28. fxe3 Ng6
29. a5 Rfe8 30. Bd4 Rb5 31. Qh3 Qxh3 32. Bxh3 Ne5 33. Kf2 h5 34. Ra1 Rd8 35. Rd2
Rd6 36. Bg2 Ng4+ 37. Kg1 Re6 38. Bh3 f6 39. Bxg4 hxg4 40. Bb6 Kf7 41. Rf2 Ke8
42. Bd4 Rd6 43. Bc3 Rb3 44. Kf1 Rb5 45. Ke1 Kd7 46. Kd2 Rh5 47. e4 Ke6 48. Ke3
Rd8 49. Ra4 Rb8 50. Kf4 Rg5 51. Rd2 Kf7 52. Rb4 Rxb4 53. Bxb4 Ke6 54. Bc3 Kd7
55. Rf2 Kc6 56. e5 Bc8 57. exf6 gxf6 58. Ke3 f5 59. Kd4 Kb5 60. Ke5 Rg6 61. Kd4
Rd6+ 62. Ke5 Rh6 63. Kf4 Re6 64. Kg5 Re4 65. Rf4 Ka4 66. Rxe4 fxe4 67. Kf4 Bb7
68. a6 Bxa6 69. Kxe4 Kb3 70. Ke3 Kc2 71. Ba5 Bc8 72. Bb4 Be6 73. Bc3 Kc1 74. Ba5
Kxb2 75. Kd2 Kb3 76. Bc3 Ka4 77. Bh8 Kb4 78. Bc3+ Kb3 79. Bh8 Bd5 80. Bc3 Be6
81. Bh8 Bd5 82. Bc3 Be6 1/2-1/2

[Event "European Hybrid Qual 2021"]
[Site "Tornelo INT"]
[Date "2021.05.24"]
[Round "1.1"]
[White "Brunello, Sabino"]
[Black "Sargsyan, Anna M."]
[Result "1-0"]
[WhiteTitle "GM"]
[BlackTitle "WGM"]
[WhiteElo "2519"]
[BlackElo "2385"]
[WhiteFideId "813613"]
[BlackFideId "13308130"]
[EventDate "2021.05.24"]
[EventType "k.o."]

1. d4 d5 2. c4 c6 3. Nf3 Nf6 4. e3 Bg4 5. h3 Bxf3 6. Qxf3 e6 7. a3 Nbd7 8. Nc3
Bd6 9. g4 O-O 10. g5 Ne8 11. h4 f5 12. Bd2 Rc8 13. c5 Bb8 14. Qh3 e5 15. f4 e4
16. b4 a6 17. h5 Nc7 18. Ne2 Ne6 19. O-O-O Qc7 20. g6 Rf6 21. Be1 h6 22. Bh4
Rff8 23. Ng3 Nf6 24. Nxf5 Qd7 25. Ng3 a5 26. Be2 axb4 27. axb4 b6 28. Kd2 Rce8
29. Ra1 Qb7 30. Rhb1 Bxf4 31. Nf5 Qb8 32. Kc3 Bc7 33. Rf1 bxc5 34. bxc5 Nxc5 35.
Rfb1 Na4+ 36. Kc2 Nb6 37. Be1 c5 38. dxc5 Qc8 39. cxb6 Be5+ 40. Kd1 Bxa1 41.
Rxa1 Qc5 42. Ra7 Qxb6 43. Rxg7+ Kh8 44. Bc3 Qb1+ 45. Kd2 d4 46. Rh7+ Nxh7 47.
g7+ Kg8 48. Bc4+ Rf7 49. Nxh6+ Kxg7 50. Qg4+ 1-0

[Event "European Hybrid Qual 2021"]
[Site "Tornelo INT"]
[Date "2021.05.25"]
[Round "1.2"]
[White "Sargsyan, Anna M."]
[Black "Brunello, Sabino"]
[Result "1-0"]
[WhiteTitle "WGM"]
[BlackTitle "GM"]
[WhiteElo "2385"]
[BlackElo "2519"]
[WhiteFideId "13308130"]
[BlackFideId "813613"]
[EventDate "2021.05.24"]
[EventType "k.o."]

1. d4 d5 2. c4 c6 3. Nf3 Nf6 4. Nc3 e6 5. e3 Nbd7 6. Bd3 dxc4 7. Bxc4 b5 8. Bd3
b4 9. Na4 c5 10. O-O Bb7 11. Nxc5 Nxc5 12. dxc5 Bxc5 13. Bb5+ Ke7 14. Qe2 Qb6
15. a3 Rhd8 16. axb4 Bxb4 17. Ba6 Rd6 18. Bxb7 Qxb7 19. Ne5 a5 20. Nc4 Qb5 21.
b3 Rdd8 22. Bb2 Qf5 23. Bd4 Ne4 24. Ne5 Kf8 25. g4 Qg5 26. f4 Qh4 27. f5 Bd6 28.
fxe6 f6 29. Nd7+ Ke8 30. Qg2 Ng5 31. Nb6 Ra7 32. Nc4 Ra6 33. Ra2 Bb8 34. Bb6 Rd3
35. Qc6+ 1-0

[Event "European Hybrid Qual 2021"]
[Site "Tornelo INT"]
[Date "2021.05.25"]
[Round "1.3"]
[White "Sargsyan, Anna M."]
[Black "Brunello, Sabino"]
[Result "0-1"]
[WhiteTitle "WGM"]
[BlackTitle "GM"]
[WhiteElo "2385"]
[BlackElo "2519"]
[WhiteFideId "13308130"]
[BlackFideId "813613"]
[EventDate "2021.05.24"]
[EventType "k.o."]

1. d4 d5 2. c4 c6 3. Nf3 Nf6 4. Nc3 e6 5. e3 Nbd7 6. Bd3 dxc4 7. Bxc4 b5 8. Bd3
b4 9. Ne4 Be7 10. Qc2 Bb7 11. a3 bxa3 12. bxa3 c5 13. Rb1 Bxe4 14. Bxe4 Nxe4 15.
Qxe4 O-O 16. O-O Nf6 17. Qc6 Qd5 18. Qa6 Ne4 19. dxc5 Nxc5 20. Qa5 Rfd8 21. Nd4
Nd3 22. Rb5 Qc4 23. Bd2 Bf8 24. Rb7 e5 25. Nf3 Rd5 26. Qc3 Qxc3 27. Bxc3 Bxa3
28. Ra1 Bf8 29. Ba5 f6 30. g3 Nc5 31. Rbb1 Rd7 32. Nd2 Rc8 33. Nf3 Kf7 34. Kg2
Ke6 35. h4 Ne4 36. Be1 Rc2 37. Ra6+ Kf7 38. Rba1 Rcc7 39. g4 Nc5 40. R6a2 Rb7
41. g5 Nd3 42. Ba5 Bc5 43. Rc2 Ke6 44. Nd2 Rb2 45. Rxb2 Nxb2 46. Ne4 Be7 47. Ra2
Nd3 48. gxf6 gxf6 49. Kf1 Nc5 50. Ng3 f5 51. h5 Nd3 52. Bc3 e4 53. Ne2 Bc5 54.
Ra6+ Kd5 55. Rf6 Kc4 56. Rxf5 Rd5 57. Rf7 Rxh5 58. Bh8 a5 59. Ng3 Rh4 60. Nf5
Rh2 61. Ng3 Rh4 62. Nf5 Rh1+ 63. Kg2 Rc1 64. Ng3 Rc2 65. Nxe4 Bxe3 66. Rc7+ Bc5
67. Bf6 Kd5 68. Kf3 Ne1+ 69. Kf4 Bd6+ 70. Nxd6 Rxc7 71. Nb5 Rb7 72. Nc3+ Kc4 73.
Ne4 Rd7 74. Ke5 Nf3+ 75. Ke6 Rd1 76. Nd6+ Kb3 77. Nb7 Ka4 78. Kf5 h5 79. Kf4 Nd4
80. Kg5 Kb5 81. Nd6+ Kb4 82. Be7 a4 83. Ne4+ Kc4 84. Nd6+ Kd5 85. Nb7 Rb1 86.
Nd8 Ne6+ 87. Nxe6 Kxe6 88. Ba3 Rb5+ 89. Kh4 Rb3 90. Bf8 0-1

[Event "European Hybrid Qual 2021"]
[Site "Tornelo INT"]
[Date "2021.05.25"]
[Round "1.4"]
[White "Brunello, Sabino"]
[Black "Sargsyan, Anna M."]
[Result "0-1"]
[WhiteTitle "GM"]
[BlackTitle "WGM"]
[WhiteElo "2519"]
[BlackElo "2385"]
[WhiteFideId "813613"]
[BlackFideId "13308130"]
[EventDate "2021.05.24"]
[EventType "k.o."]

1. d4 Nf6 2. c4 g6 3. Nc3 d5 4. cxd5 Nxd5 5. e4 Nxc3 6. bxc3 Bg7 7. Bc4 O-O 8.
Ne2 c5 9. O-O Nc6 10. Be3 Na5 11. Bd3 Qc7 12. dxc5 Rd8 13. Nd4 a6 14. Qe2 Bd7
15. f4 e5 16. fxe5 Bxe5 17. Nf3 Bxc3 18. Rac1 Bg7 19. Ng5 Be8 20. Bf4 Qe7 21. e5
Nc6 22. Bc4 h6 23. e6 hxg5 24. Bd6 Qxe6 25. Bxe6 Nd4 26. Bxf7+ Bxf7 27. Qe4 Nf5
28. Rxf5 gxf5 29. Qxf5 Re8 30. Qxg5 Re6 31. h3 Rg6 32. Qf5 Rf6 33. Qe4 Re8 34.
Qxb7 Bh6 35. Rd1 Bh5 36. Qb3+ Kh7 37. g4 Bg6 38. c6 Be3+ 39. Kg2 Be4+ 40. Kh2
Rf2+ 41. Kg3 Rf3+ 42. Kh2 Rf2+ 43. Kg3 Rg2+ 44. Kh4 Kg6 45. Qxe3 Rh8+ 46. Qh6+
Rxh6# 0-1

[Event "European Hybrid Qual 2021"]
[Site "Tornelo INT"]
[Date "2021.05.25"]
[Round "1.5"]
[White "Brunello, Sabino"]
[Black "Sargsyan, Anna M."]
[Result "1-0"]
[WhiteTitle "GM"]
[BlackTitle "WGM"]
[WhiteElo "2519"]
[BlackElo "2385"]
[WhiteFideId "813613"]
[BlackFideId "13308130"]
[EventDate "2021.05.24"]
[EventType "k.o."]

1. d4 d5 2. c4 c6 3. Nf3 Nf6 4. e3 Bg4 5. h3 Bxf3 6. Qxf3 e6 7. a3 Nbd7 8. Nc3
Bd6 9. g4 O-O 10. g5 Ne8 11. h4 f5 12. Bd2 Bc7 13. Bd3 Nd6 14. c5 Ne4 15. Qh3 b6
16. Nxe4 dxe4 17. Bc4 Qe7 18. b4 a5 19. Rb1 b5 20. Bb3 a4 21. Ba2 Kh8 22. Bc3
Rae8 23. Ke2 Nb8 24. Rbg1 Na6 25. h5 Kg8 26. f3 Bb8 27. fxe4 fxe4 28. Qg4 Nc7
29. Qxe4 Nd5 30. Bd2 Qd7 31. Bb1 Rf5 32. Qg4 Rff8 33. Rf1 Qe7 34. e4 Nc7 35. e5
Rxf1 36. Rxf1 Rf8 37. Qe4 Rf5 38. Rxf5 exf5 39. Qxf5 g6 40. hxg6 hxg6 41. Qxg6+
Kf8 42. Qxc6 Ne6 43. Be3 Bc7 44. Qxb5 Nxg5 45. Qxa4 Nf7 46. Qa8+ 1-0

[Event "European Hybrid Qual 2021"]
[Site "Tornelo INT"]
[Date "2021.05.24"]
[Round "1.1"]
[White "Pantsulaia, Levan"]
[Black "Veiga, Jose Francisco R P Neves"]
[Result "1/2-1/2"]
[WhiteTitle "GM"]
[BlackTitle "FM"]
[WhiteElo "2553"]
[BlackElo "2376"]
[WhiteFideId "13602071"]
[BlackFideId "1930087"]
[EventDate "2021.05.24"]
[EventType "k.o."]

1. c4 Nf6 2. g3 g6 3. Bg2 Bg7 4. Nc3 O-O 5. d4 c5 6. Nf3 cxd4 7. Nxd4 Nc6 8. O-O
Nxd4 9. Qxd4 d6 10. Bg5 Be6 11. Qh4 h6 12. Bxh6 Bxh6 13. Qxh6 Bxc4 14. b3 Ba6
15. Rad1 Qc7 16. Rc1 Qa5 17. Rfd1 Qe5 18. Qf4 Rac8 19. b4 Rc4 20. Qxe5 dxe5 21.
b5 Rfc8 22. bxa6 bxa6 23. Bb7 R8c7 24. Bxa6 Rxc3 25. Rxc3 Rxc3 26. Rd3 Rc5 27.
Ra3 Kg7 28. h4 Nd5 29. f3 f5 30. Bb7 Nc3 31. Kf2 Rc7 32. Ba6 e4 33. Ke3 e5 34.
fxe4 Nxe4 35. g4 Nc3 36. gxf5 gxf5 37. Bd3 Nd5+ 38. Kd2 e4 39. Bb5 e3+ 40. Rxe3
Nxe3 41. Kxe3 Kf6 42. Kd4 Rh7 43. Kd5 Rxh4 44. a4 a6 45. Bc4 Re4 46. Kc5 Ke5 47.
a5 Rxc4+ 48. Kxc4 Ke4 49. Kc5 Ke3 50. Kb6 f4 51. Kxa6 Kxe2 52. Kb7 f3 53. a6 f2
54. a7 f1=Q 55. a8=Q Qf3+ 56. Kb8 Qxa8+ 57. Kxa8 1/2-1/2

[Event "European Hybrid Qual 2021"]
[Site "Tornelo INT"]
[Date "2021.05.25"]
[Round "1.2"]
[White "Veiga, Jose Francisco R P Neves"]
[Black "Pantsulaia, Levan"]
[Result "1/2-1/2"]
[WhiteTitle "FM"]
[BlackTitle "GM"]
[WhiteElo "2376"]
[BlackElo "2553"]
[WhiteFideId "1930087"]
[BlackFideId "13602071"]
[EventDate "2021.05.24"]
[EventType "k.o."]

1. e4 c5 2. Nf3 e6 3. d4 cxd4 4. Nxd4 a6 5. Nc3 Qc7 6. Bd3 Nc6 7. Nxc6 dxc6 8.
f4 e5 9. Qf3 Nf6 10. f5 b5 11. Be3 Bb7 12. g4 h6 13. a3 O-O-O 14. O-O-O Bd6 15.
Rhg1 Qe7 16. h4 Bc5 17. g5 hxg5 18. hxg5 Nd7 19. g6 f6 20. Rh1 Bd4 21. Ne2 Bc5
22. Nc3 Bd4 23. Ne2 Bc5 24. Nc3 1/2-1/2

[Event "European Hybrid Qual 2021"]
[Site "Tornelo INT"]
[Date "2021.05.25"]
[Round "1.3"]
[White "Veiga, Jose Francisco R P Neves"]
[Black "Pantsulaia, Levan"]
[Result "0-1"]
[WhiteTitle "FM"]
[BlackTitle "GM"]
[WhiteElo "2376"]
[BlackElo "2553"]
[WhiteFideId "1930087"]
[BlackFideId "13602071"]
[EventDate "2021.05.24"]
[EventType "k.o."]

1. e4 c5 2. Nf3 e6 3. d4 cxd4 4. Nxd4 a6 5. Nc3 b5 6. Bd3 Qb6 7. Nf3 Qc7 8. O-O
Bb7 9. Re1 Be7 10. Qe2 Nf6 11. Bd2 O-O 12. a4 b4 13. Na2 Nc6 14. e5 Nd5 15. c4
bxc3 16. bxc3 a5 17. Rab1 Rab8 18. Nc1 Ba8 19. Nb3 Rfc8 20. Rec1 g6 21. h4 Bf8
22. Nbd4 Rxb1 23. Bxb1 Nxd4 24. Nxd4 Bg7 25. f4 h5 26. Kh2 Qc4 27. Bd3 Qxa4 28.
Bb5 Qa3 29. Bxd7 Rd8 30. Bc6 Bxc6 31. Nxc6 Ra8 32. c4 Nb4 33. Ne7+ Kh7 34. Qe4
Rd8 35. Rd1 Qd3 36. Qxd3 Rxd3 37. Nc8 Bh6 38. g3 Bf8 39. Nb6 Nc6 40. Na4 Bb4 41.
Bxb4 Rxd1 42. Bd6 Rc1 43. Nb6 Rb1 44. c5 Rb4 45. Nd7 a4 46. Nf6+ Kh8 47. g4 a3
48. f5 a2 49. fxg6 fxg6 50. gxh5 gxh5 0-1

[Event "European Hybrid Qual 2021"]
[Site "Tornelo INT"]
[Date "2021.05.25"]
[Round "1.4"]
[White "Pantsulaia, Levan"]
[Black "Veiga, Jose Francisco R P Neves"]
[Result "1/2-1/2"]
[WhiteTitle "GM"]
[BlackTitle "FM"]
[WhiteElo "2553"]
[BlackElo "2376"]
[WhiteFideId "13602071"]
[BlackFideId "1930087"]
[EventDate "2021.05.24"]
[EventType "k.o."]

1. Nf3 Nf6 2. g3 g6 3. Bg2 Bg7 4. b3 O-O 5. Bb2 c5 6. c4 Nc6 7. O-O d6 8. d4
cxd4 9. Nxd4 Bd7 10. Nc3 Rc8 11. e3 a6 12. Qe2 Qc7 13. Rac1 Qb8 14. Nd5 Nxd5 15.
Bxd5 Nb4 16. a4 Nxd5 17. cxd5 Rxc1 18. Rxc1 Rc8 19. Qd2 Rc5 20. Rxc5 dxc5 21.
Ne2 Bxb2 22. Qxb2 Qd6 23. e4 b5 24. axb5 axb5 25. Nf4 f6 26. h4 Kf7 27. Qc3 e6
28. Nd3 exd5 29. Qxc5 Qxc5 30. Nxc5 Bc6 31. exd5 Bxd5 32. Kf1 Ke7 33. Ke2 Kd6
34. b4 Ba2 35. Ne4+ Ke5 36. Nc3 Bc4+ 37. Ke3 f5 38. f4+ Kd6 39. Kd4 Bf1 40. Nd1
Bc4 41. Nc3 Bf1 42. Nd1 Bc4 43. Nc3 1/2-1/2